| 000 | 00798cab a2200241 4500 | ||
|---|---|---|---|
| 001 | WB3118-16 | ||
| 008 | 090401t1995 xxu||||| |||| 00| 0 eng d | ||
| 035 | _a(Sirsi) u65709 | ||
| 041 | _aeng | ||
| 245 | _aBritish Coal opens clearance sale | ||
| 260 | _c1995 | ||
| 350 | _a0 | ||
| 490 |
_aDaily Telegraph _v11 May 1995, 23 |
||
| 490 |
_aFinancial Times _v12 May 1995, 10(2) |
||
| 520 | _aBritish Coal is offering its first package of property for sale - 90 homes to be sold in 20 regional blocks. The RICS expresses concern over the sale of assets of public property to the private sector distorting the market. | ||
| 650 | _aBRITISH COAL | ||
| 650 | _aDISPOSAL PROGRAMME | ||
| 650 | _aPUBLIC LAND | ||
| 650 | _aSURPLUS LAND | ||
| 690 | _aLAND | ||
| 942 | _n0 | ||
| 948 | _c04/03/1997 | ||
| 999 |
_c41006 _d41006 |
||